| 000 | 00927nam a2200205Ia 4500 | ||
|---|---|---|---|
| 999 |
_c41698 _d41698 |
||
| 001 | 8375 | ||
| 003 | GE_BSU | ||
| 005 | 20201217123236.0 | ||
| 008 | 181216s||||||||xx |||||||||||||| ||und|| | ||
| 040 | _cGE_BSU | ||
| 245 |
_aკრიმინოლოგი 1 (7-8) 2012-2013 : _bსამეცნიერო–პრაქტიკული ჟურნალი / _cტექნ.რედ.იოსებ წიკლაური, შორენა ხაინდრავა. |
||
| 260 |
_cთბილისი, _b2013. |
||
| 300 |
_a138 გვ. _b30 სმ. |
||
| 520 | _aგამოდის 2007 წლიდან | ||
| 653 | _aკრიმინოლოგი | ||
| 653 | _aსამართალი | ||
| 700 |
_aწიკლაური, იოსებ _eრედაქტორი _99929 |
||
| 700 |
_aხაინდრავა, შორენა _eრედაქტორი _99930 |
||
| 942 |
_cCR _2udc |
||